Losgrössenentscheidungen bei zyklischem Lieferabruf.
Riešenie vytvorenia systému dodávok synchronizovaných s výrobou (JIT) z pohľadu dodávateľa. Optimálna veľkosť dodávok pri variáciách dodacích cyklov. Nezávislosť veľkosti dodávky od dĺžky objednávkového cyklu. Náklady závislé od veľkosti dodávky. Cyklus dodávok s minimálnymi nákladmi. Náklady na dod...
Salvato in:
| Autore principale: | |
|---|---|
| Natura: | Capitolo di libro |
| Lingua: | tedesco |
| Soggetti: | |
| Tags: |
Nessun Tag, puoi essere il primo ad aggiungerne!!
|
MARC
| LEADER | 00000naa a2200000 4500 | ||
|---|---|---|---|
| 001 | r011849 | ||
| 005 | 20221130113358.0 | ||
| 041 | 0 | |a ger | |
| 044 | |a DE | ||
| 245 | 1 | 0 | |a Losgrössenentscheidungen bei zyklischem Lieferabruf. |c H. Stadtler |
| 520 | |a Riešenie vytvorenia systému dodávok synchronizovaných s výrobou (JIT) z pohľadu dodávateľa. Optimálna veľkosť dodávok pri variáciách dodacích cyklov. Nezávislosť veľkosti dodávky od dĺžky objednávkového cyklu. Náklady závislé od veľkosti dodávky. Cyklus dodávok s minimálnymi nákladmi. Náklady na dodávky pri nútenej produkcii synchronizovanej s potrebami. Kusové náklady pri synchronizovaných dodávkach. | ||
| 610 | 2 | 0 | |a JIT |
| 610 | 2 | 0 | |a dodávatelia |
| 610 | 2 | 0 | |a dodávky |
| 610 | 2 | 0 | |a optimalizácia |
| 610 | 2 | 0 | |a náklady |
| 100 | 1 | |a Stadtler, H. | |